| 000 | 00668cam a2200193 4500 | ||
|---|---|---|---|
| 001 | 4980 | ||
| 005 | 20181127174535.0 | ||
| 008 | 980415s1998 azua b 001 0 eng | ||
| 010 | _a 98023466 | ||
| 020 | _a0934252882 (cloth : alk. paper) | ||
| 020 | _a9788120819238 | ||
| 100 | 1 | _aFeuerstein, Georg. | |
| 245 | 1 | 4 |
_aThe yoga tradition : _bits history, literature, philosophy, and practice / _cGeorg Feuerstein ; foreword by Ken Wilber. |
| 260 |
_aPrescott, Ariz. : _bHohm Press, _cc1998. |
||
| 300 |
_axxxii, 682 p. : _bill. ; _c28 cm. |
||
| 504 | _aIncludes bibliographical references (p. 613-641) and index. | ||
| 650 | 0 | _aYoga. | |
| 999 |
_c4153 _d4153 |
||